| 000 | 00530nam a22001817a 4500 | ||
|---|---|---|---|
| 999 |
_c189456 _d189456 |
||
| 005 | 20220701120051.0 | ||
| 010 | _aENG-133316 | ||
| 020 | _c150.00 | ||
| 035 | _aEN-116848 | ||
| 037 | _bDBAD/PUB | ||
| 082 | _a485 | ||
| 100 | _aSatyanarayana, P. | ||
| 245 |
_aEnglish/ _cP. Satyanarayana |
||
| 260 |
_aMachilipatnam _bDuvvuri Publication _c2010 |
||
| 270 |
_bMachilipatnam _aM.I.G-143, A.P.H.B. Colony _e521001 _mduvvuripublications@gmail.com |
||
| 300 |
_aix, 262p. _c23cm(pbk) |
||
| 942 |
_2ddc _cEN _h485 _mSAT |
||